• 首页
  • 本馆介绍
  • 公告通知
  • 最新文献
  • 馆藏检索
  • 电子资源
  • 读者导购
  • 参考咨询
  • 我的图书馆
  • 登录
  • 详细信息显示
  • 放入我的书架
  • 预约/预借图书
  • 作者相关作品
  • 分类相关作品
  • 丛书相关作品
  • 出版社相关作品

书目信息

  • 表格格式
  • 工作单格式
  • 卡片格式
题名:
现代发展经济学
    
 
作者: 赵海均 著
分册:  
出版信息: 北京   中国经济出版社  2013
页数: 363页
开本: 24cm
丛书名:
单 册:
中图分类: F061.3
科图分类:
主题词: 发展经济学
电子资源:
ISBN: 978-7-5136-2693-4
000 00823nam0 2200229 450
001 523
005 20140908150845.37
010    @a978-7-5136-2693-4@dCNY68.00
100    @a20131118d2013 em y0chiy50 ea
101 0  @achi
102    @aCN@b110000
105    @ay z 000yy
106    @ar
200 1  @a现代发展经济学@AXian Dai Fa Zhan Jing Ji Xue@f赵海均著@FZhao Hai Jun Zhu
210    @a北京@c中国经济出版社@d2013
215    @a363页@d24cm
330    @a本书以全球经济统一场作为研究基点,揭示现代经济社会发展工业化、城市化以及现代化发展的本质,从要素、制度、体制、机制、结构、分配等方面探究促进经济增长和发展的普遍规律,揭开了中国经济长时期高增长之谜。
606 0  @a发展经济学
690    @aF061.3@v5
701  0 @a赵海均@AZhao Hai Jun@f(1957~)@4著
801  0 @aCN@bTANGWEI@c20140603
905    @b0840554-56@dF061.3@e114@f3
    
    现代发展经济学/赵海均著.-北京:中国经济出版社,2013
    363页;24cm
    
    
    ISBN 978-7-5136-2693-4:CNY68.00
    本书以全球经济统一场作为研究基点,揭示现代经济社会发展工业化、城市化以及现代化发展的本质,从要素、制度、体制、机制、结构、分配等方面探究促进经济增长和发展的普遍规律,揭开了中国经济长时期高增长之谜。
●
相关链接 在E读中查询图书 在五车中查询图书 在当当中查询图书 在豆瓣中查询图书


正题名:现代发展经济学     索取号:F061.3/114         预约/预借

序号 登录号 条形码 馆藏地/架位号 状态 备注
1 0840554   208405545   第一样本阅览室/ [索取号:F061.3/114] 在馆    
2 0840555   208405554   第一借阅区/ [索取号:F061.3/114] 在馆    
3 0840556   208405563   经管系资料室/ [索取号:F061.3/114] 在馆    
唐山师范学院图书馆 欢迎您!
大连网信软件有限公司© 版权所有